|
|
|
|
| LEADER |
02858nam a22003613i 4500 |
| 001 |
EBC6402097 |
| 003 |
MiAaPQ |
| 005 |
20231204023215.0 |
| 006 |
m o d | |
| 007 |
cr cnu|||||||| |
| 008 |
231204s2020 xx o ||||0 eng d |
| 020 |
|
|
|a 9780113315413
|q (electronic bk.)
|
| 020 |
|
|
|z 9780113315406
|
| 035 |
|
|
|a (MiAaPQ)EBC6402097
|
| 035 |
|
|
|a (Au-PeEL)EBL6402097
|
| 035 |
|
|
|a (OCoLC)1224361830
|
| 040 |
|
|
|a MiAaPQ
|b eng
|e rda
|e pn
|c MiAaPQ
|d MiAaPQ
|
| 100 |
1 |
|
|a Limited, AXELOS.
|
| 245 |
1 |
3 |
|a An Executive Guide to PRINCE2 Agile®.
|
| 264 |
|
1 |
|a London :
|b The Stationery Office Ltd,
|c 2020.
|
| 264 |
|
4 |
|c {copy}2020.
|
| 300 |
|
|
|a 1 online resource (37 pages)
|
| 336 |
|
|
|a text
|b txt
|2 rdacontent
|
| 337 |
|
|
|a computer
|b c
|2 rdamedia
|
| 338 |
|
|
|a online resource
|b cr
|2 rdacarrier
|
| 505 |
0 |
|
|a Intro -- Copyright Page -- Contents -- Foreword -- About AXELOS -- Acknowledgements -- 1 Introduction -- 1.1 About this guide -- 1.2 How will PRINCE2 Agile benefit my organization? -- 1.3 Why do I need to change? -- 2 About PRINCE2 -- 2.1 PRINCE2 core principles -- 2.2 PRINCE2 governance structure -- 2.3 PRINCE2 is designed to be versatile -- 3 About agile -- 3.1 What problems does agile seek to address? -- 3.2 How does agile address these problems? -- 3.3 What are the benefits of using agile? -- 3.4 Is agile 'problem-free'? -- 4 Introduction to PRINCE2 Agile -- 4.1 When to use PRINCE2 Agile -- 4.2 The benefits of applying PRINCE2 to agile working -- 4.3 Why should my organization care about PRINCE2 Agile? -- 4.4 What is expected of me in a project context? -- 5 What is PRINCE2 Agile? -- 5.1 The key elements of PRINCE2 Agile -- 5.2 The PRINCE2 principles and agile behaviours -- 5.3 Tailoring the PRINCE2 themes and processes -- 5.4 The PRINCE2 Agile focus areas -- 6 Adopting PRINCE2 Agile in an organization -- 6.1 Your PRINCE2 Agile destination -- 6.2 The journey -- 6.3 How is your agile journey going? -- 6.4 One last thing: beware of prejudice -- Glossary -- Back Cover.
|
| 520 |
|
|
|a This executive guide to PRINCE2 Agile® uncovers the benefits of applying PRINCE2® with an agile approach to product development and delivery. The result is an organization that understands and controls its investment while also harnessing innovation.
|
| 588 |
|
|
|a Description based on publisher supplied metadata and other sources.
|
| 590 |
|
|
|a Electronic reproduction. Ann Arbor, Michigan : ProQuest Ebook Central, 2023. Available via World Wide Web. Access may be limited to ProQuest Ebook Central affiliated libraries.
|
| 655 |
|
4 |
|a Electronic books.
|
| 776 |
0 |
8 |
|i Print version:
|a Limited, AXELOS
|t An Executive Guide to PRINCE2 Agile®
|d London : The Stationery Office Ltd,c2020
|z 9780113315406
|
| 797 |
2 |
|
|a ProQuest (Firm)
|
| 856 |
4 |
0 |
|u https://ebookcentral.proquest.com/lib/matrademy/detail.action?docID=6402097
|z Click to View
|